000 00735cam a2200217 a 4500
999 _c12842
_d12842
003 OSt
005 20240801105952.0
008 100222s2010 nyua b 001 0 eng
020 _a9781568989693 (alk. paper)
050 0 0 _aZ246
_b.L87 2010
082 0 0 _a686.2/2
_222
100 1 _aLupton, Ellen.
245 1 0 _aThinking with type :
_ba critical guide for designers, writers, editors, & students /
_cEllen Lupton.
250 _a2nd rev. and expanded ed.
260 _aNew York :
_bPrinceton Architectural Press,
_cc2010.
300 _a224 p. :
_bill. (chiefly col.) ;
_c22 cm.
504 _aIncludes bibliographical references and index.
650 0 _aGraphic design (Typography)
650 0 _aType and type-founding.
942 _2ddc